| 000 | 00788nam a2200229Ia 4500 | ||
|---|---|---|---|
| 005 | 20221121093929.0 | ||
| 008 | 131103s9999 xx 000 0 und d | ||
| 020 |
_a041535529X _cRs.756.00 |
||
| 040 | _aLoreto College | ||
| 041 | _aEnglish | ||
| 082 |
_a821.7 _bWOR |
||
| 100 | _aWordsworth,William | ||
| 245 |
_aLyrical Ballads _cWilliam Wordsworth and Samuel Taylor Coleridge;edited with introduction,notes and appendices by R.L.Brett and A.R.Jones, with a new introduction by Nicholas Roe |
||
| 260 |
_aLondon _bRoutledge Classics _c2005 |
||
| 300 | _axxix,403 p. | ||
| 504 | _aIncludes appendix and index | ||
| 650 | _aWordsworth's Poetry - Lyrical Ballads - Collections | ||
| 651 | _aEnglish Poetry | ||
| 700 | _aColeridge,Samuel Taylor | ||
| 850 | _aLCLIB | ||
| 942 | _cBK | ||
| 999 |
_c36946 _d87425 |
||